000 00772nam a22002057a 4500
999 _c1329
_d1329
003 AR-CdUCM
008 190226b ||||| |||| 00| 0 spa d
040 _aMUNICIPALIDAD PROVINCIAL DEL CUSCO
_cBIBLIOTECA MUNICIPAL DEL CUSCO
082 _a413 /
_bl42
100 _aLeiva Vargas, Ricardo
_95104
245 _aDiccionario de negocios internacionales = Dictionary of international business /
260 _aLima :
_bSan Marcos,
_c1987.
300 _a190 páginas ;
_c20 cm.
500 _a"Aduana, customs, banca, banking, comercio compensado, countertrade, comercio exterior, international trade, ..." -- Cubierta.
650 _aDiccionarios
_95105
650 _aTérminos legales
_95106
650 _aNegocios
_9825
942 _2ddc
_cLIBROS
945 _araen
_d2019-02-26